| 000 | 01150nam a22003137a 4500 | ||
|---|---|---|---|
| 003 | CHAP | ||
| 005 | 20240920124903.0 | ||
| 008 | 971013s1986 r 00010 d | ||
| 010 | _a46855 | ||
| 011 | _a47827 | ||
| 035 | _a51970 | ||
| 040 | _cCHAP | ||
| 090 | _aTesis | ||
| 100 | 1 | 0 |
_aValadez Moctezuma, Ernestina _9117225 |
| 245 | _aInfluencia de los pigmentos de la testa de semillas del frijol (Phaseolus vulgaris L.) en la resistencia a Pseudomonas syringae pv. phaseolicola y Xanthomonas campestris pv. phaseoli | ||
| 260 |
_aChapingo, Méx. : _bEl autor, _c1986 |
||
| 300 |
_a141 h. _b; gráfs. |
||
| 502 | _aTesis (M.C. Esp. en Genética) -- CP. Centro de Genética | ||
| 590 |
_aALEPH _b10 _c20130110 _lUCH01 _h1316 |
||
| 590 |
_aBATCH-UPD _b10 _c20130110 _lUCH01 _h1904 |
||
| 590 |
_aCONVERSION _b10 _c20130109 _lUCH01 _h1326 |
||
| 650 | 1 | 4 |
_aFlavonoides. _941237 |
| 650 | 1 | 4 |
_aFrijol _xEnfermedades por bacterias. _943368 |
| 650 | 1 | 4 |
_aFrijol _xVariedades resistentes a enfermedades. _943447 |
| 901 | _aBK | ||
| 942 | _cFOLL | ||
| 949 |
_bBC _cTES _d-116034 _eTS1 _h18656 _i51970 _si |
||
| 949 |
_bBC _cTES _d-116035 _eTS2 _fc.2 _h18657 _i51970 _si |
||
| 999 |
_c46855 _d46855 |
||